Texas Quiz by Letter - O - Statistics

General Stats
  • This quiz has been taken 7 times
  • The average score is 4 of 10
Answer Stats
Question Answer % Correct
What is the biggest industry in Texas? Oil
100%
3-day festival in Fredericksburg that celebrates the city's German heritage Oktoberfest
100%
The show "Friday Night Lights" is located in what city? Odessa
71%
Controversial pastor at Lakewood Church in Houston Joel Osteen
43%
Easternmost city on the Louisiana border which has a history in shipbuilding and lumber Orange
43%
Cow that belonged to former President George W. Bush also a character in Shakespeare's Hamlet Ophelia the cow
29%
Small upscale city that is completely surrounded by San Antonio Olmos Park
14%
Technology company known for its database management and cloud computing services located in Austin Oracle
14%
Annual event and fundraiser for St. Mary's University during San Antonio Fiesta Oyster Bake
0%
Veteran and author from Austin who is best known for their book "The Things They Carried" Tim O'Brien
0%
No matching quizzes found
Score Distribution
Percent of People with Each Score
Percentile by Number Answered
Your Score History
You have not taken this quiz